A Textbook of Human Resource Management. (Record no. 3043)

MARC details
005 - DATE AND TIME OF LATEST TRANSACTION
control field 20250602155731.0
020 ## - INTERNATIONAL STANDARD BOOK NUMBER
International Standard Book Number 978-9987-03-025-5
082 ## - DEWEY DECIMAL CLASSIFICATION NUMBER
Classification number 658.3 TUM
100 ## - MAIN ENTRY--PERSONAL NAME
Author name TUMAINI, U. J.
245 ## - TITLE STATEMENT
Title A Textbook of Human Resource Management.
260 ## - PUBLICATION, DISTRIBUTION, ETC.
Place of publication, distribution, etc. Dar es Salaam,
Name of publisher, distributor, etc. College of Business Education,
Date of publication, distribution, etc. 2012.
300 ## - PHYSICAL DESCRIPTION
Extent xiv, 185p.:
Dimensions 20cm
942 ## - ADDED ENTRY ELEMENTS (KOHA)
Source of classification or shelving scheme Dewey Decimal Classification
Koha item type Books
Holdings
Date last seen Total checkouts Full call number Barcode Cost, replacement price Price effective from Koha item type Lost status Source of classification or shelving scheme Damaged status Not for loan Withdrawn status Home library Current library Shelving location Date acquired Cost, normal purchase price
06/02/2025   658.3 TUM 00000010661 30000.00 06/02/2025 Books   Dewey Decimal Classification       College of Business Education Main Library College of Business Education Main Library Special Reserve Collection 04/08/2014 10000.00